00951 a2200181 4500003000500000005001700005020001300022040000900035082001200044100002800056245008500084260005200169300002500221490001100246505046700257538003000724650001500754Nust20170207153556.0 a44005395 cNust a624.171 aHills, William Donagan. aMechanics and applied mathematics:bdynamics, statics, hydrostaticscW. D. Hills aLondonbUniversity of London press, ltd.c1959. b272pc diagrse19 cm aPart-1 aOn Force (Page-1), On Mass (Page-4), On Motion (Page-8), On Combined Motion (Page-42), On Motion Reduced By The Action (Page-58), On Action (Page-77), On Elastic Impact (Page-96), On Power (Page-100), On Turning Effect Of A Force (Page-115), On Center Of Gravity (Page-133), On Reactions (Page-162), On Machines (Page-177), On Circular Motion (Page-197), On Density Of Substance (Page-207), On Displacement Of Fluids (Page-225), On Pressure Of Gases (Page-238). aAlmirah No.42 Shelf No. 2 aMechanics.